000 00822nam a2200229 a 4500
001 000012554
005 20240530073914.0
008 091113s2003 dr a 000 f spa d
020 _a9993458155
040 _aDO-SdBNP
_bspa
_cBNPHU
082 _aRD863.44
_bH532c
100 1 _aHerasme Acosta, Rafael Leónidas,
_d1960-
_929260
245 1 0 _aCerros ensangrentados :
_bepisodios de un pueblo del sur /
_cRafael Leónidas Herasme Acosta ; prólogo Juan Esteban Olivero.
260 _aSanto Domingo :
_bCentenario,
_c2003.
300 _a195 p. :
_bil. ;
_c23 cm.
500 _aIncluye índice onomástico
590 _aInventariado, 2019/BT
650 0 _aNovela dominicana
_9223
650 0 _aLiteratura dominicana.
_967
700 1 _aOlivero, Juan Esteban,
_epról.
_929261
910 _aValidado. Control de calidad MMOLINA
999 _c12209
_d12209